000 00857nam a2200241 a 4500
001 39153
003 BD-RjUL
005 20211209052928.0
008 160405b2008 b ||||e |||| 00| 0 b d
020 _a9840746634
_cTk.180.00
035 _a(BD-RjUL)39265
040 _aBD-RjUL
_bben
_cBD-RjUL
041 _aben
082 _223
_a891.4411185
_bHOB 2008
100 _aহক,মাসুদুল.
_9120803
245 _aবাংলাদেশের কবিতার নন্দনতত্ব
_cমাসুদুল হক
260 _aঢাকা:
_bবাংলা একাডেমী,
_c২০০৮
300 _a৩১৯ পৃ.
_c২১ সেমি.
504 _aগ্রন্থপঞ্জি সংযুক্ত
650 _aবাংলা কবিতা
_9120804
650 _aBengali poetry
_9120805
942 _2ddc
_cBK
_010
999 _c39153
_d39153